[Event "It A"]
[Site "Nancy FRA"]
[Date "2009.02.18"]
[Round "4"]
[White "Gozzoli,Y"]
[Black "Nezar,M"]
[Result "1/2-1/2"]
[WhiteElo "2503"]
[BlackElo "2399"]

1.d4 d5 2.c4 c6 3.Nf3 Nf6 4.Nc3 dxc4 5.a4 Bf5 6.Ne5 Nbd7 7.Nxc4 Qc7 8.g3 e5
9.dxe5 Nxe5 10.Bf4 Nfd7 11.Bg2 f6 12.O-O Be6 13.Nxe5 Nxe5 14.Qc2 Qa5 15.Rfd1 Be7
16.Be4 Kf7 17.Na2 Qc5 18.Qxc5 Bxc5 19.b4 Be7 20.b5 Rhd8 21.Nc3 Rac8 22.Rxd8 Rxd8
23.Bxe5 fxe5 24.e3 Rd7 25.Rb1 g6 26.a5 c5 27.a6 b6 28.Rc1 c4 29.Bc6 Rd3 30.e4 Ba3
31.Rc2 Bb4 32.Nd5 Bh3 33.Ne3 c3 34.Bd5+ Ke7 35.Bc4 Rd2 36.Be2 Rxc2 37.Nxc2 Bc5
38.Bf1 Bg4 39.Bd3 Bh3 40.Bf1 Bg4 41.Bd3 Bh3  1/2-1/2

[Event "TCh-HUN 2008-9"]
[Site "Budapest HUN"]
[Date "2009.03.01"]
[Round "9"]
[White "Kovacs,Ga2"]
[Black "To,N"]
[Result "0-1"]
[WhiteElo "2490"]
[BlackElo "2342"]

1.d4 d5 2.c4 c6 3.Nf3 Nf6 4.Nc3 dxc4 5.a4 Bf5 6.Ne5 Nbd7 7.Nxc4 Nb6 8.Ne5 a5
9.Bg5 g6 10.e3 Bg7 11.Bd3 Be6 12.Be2 Nbd5 13.Bxf6 exf6 14.Nd3 O-O 15.O-O f5
16.Rc1 Qb6 17.Bf3 Rad8 18.Nxd5 Bxd5 19.Bxd5 Rxd5 20.Rc3 Rfd8 21.Qf3 Bf8 22.Rfc1 Bd6
23.g3 Qa6 24.Kg2 Kg7 25.Rc4 Qa8 26.R1c3 Rd7 27.Rc2 Qe8 28.Nc1 Qa8 29.Ne2 Qa6
30.b3 Be7 31.Nf4 R5d6 32.h4 Qb6 33.R2c3 Rd8 34.h5 R6d7 35.Nd3 Rd5 36.Nf4 R5d7
37.Rd3 Bd6 38.Ne2 Be7 39.Qf4 Bd6 40.Qh4 Be7 41.Qh3 Bf6 42.Nf4 Bg5 43.Ne2 Bf6
44.Rc1 c5 45.hxg6 hxg6 46.Rh1 Qc6+ 47.Kg1 Qe4 48.Rd2 Qb1+ 49.Kg2 Qxb3 50.Nf4 cxd4
51.exd4 Bg5 52.Qh7+ Kf6 53.Rd3 Qxa4 54.Re1 Bxf4 55.gxf4 Rxd4 56.Qh4+ Kg7
57.Rc3 Rh8 58.Qe7 Re4 59.Qc5 Rxe1 60.Rc4 Qc6+  0-1

[Event "TCh-HUN 2008-9"]
[Site "Kazincbarcika HUN"]
[Date "2009.03.01"]
[Round "9"]
[White "Ruck,R1"]
[Black "Varga,P1"]
[Result "1/2-1/2"]
[WhiteElo "2574"]
[BlackElo "2438"]

1.Nf3 d5 2.d4 Nf6 3.c4 c6 4.Nc3 dxc4 5.a4 Bf5 6.Ne5 Nbd7 7.Nxc4 Qc7 8.g3 e5
9.dxe5 Nxe5 10.Bf4 Nfd7 11.Bg2 g5 12.Nxe5 gxf4 13.Nxd7 O-O-O 14.Qd4 Qxd7
15.Qxf4 Bd6 16.Qh6 Qe6 17.Qxe6+ Bxe6 18.Be4 Bb3 19.Rc1 Bb4 20.Bc2 Bxc2 21.Rxc2 Rd4
22.b3 Re8 23.O-O Bxc3 24.Rxc3 Rxe2 25.Rf3 Re7 26.Rc1 h5 27.h3 Rd5 28.Rc4 Kd7
29.Rcf4 Ke8 30.Kf1 Kf8 31.Rf5 Red7 32.Ke2 Re7+ 33.Kf1 Red7 34.Ke2 Re7+  1/2-1/2

[Event "10th EICC"]
[Site "Budva MNE"]
[Date "2009.03.10"]
[Round "5"]
[White "Cebalo,M"]
[Black "Onoprienko,V"]
[Result "1-0"]
[WhiteElo "2509"]
[BlackElo "2372"]

1.d4 d5 2.c4 c6 3.Nf3 Nf6 4.Nc3 dxc4 5.a4 Bf5 6.Ne5 Nbd7 7.Nxc4 Qc7 8.g3 e5
9.dxe5 Nxe5 10.Bf4 Nfd7 11.Bg2 g5 12.Ne3 gxf4 13.Nxf5 Ng6 14.Qc2 O-O-O 15.O-O h5
16.Rac1 Nde5 17.Nd5 Qa5 18.Nxf4 Rd2 19.Qe4 Bb4 20.Nd5 Rxb2 21.Qd4 Rd2 22.Qxb4 Rxd5
23.Nd6+ Kd7 24.Qxb7+ Kxd6 25.f4 Qb6+ 26.Qxb6 axb6 27.fxe5+ Nxe5 28.Bxd5 Kxd5
29.Rf4 c5 30.Rb1 Rh6 31.Rd1+ Kc6 32.h3 Re6 33.Kf2 c4 34.Rb1 f6 35.Rf5 Kd5
36.Ke3 Rc6 37.Rb5+ Ke6 38.Rxh5 Kd7 39.Kd2 Kc8  1-0

[Event "10th EICC"]
[Site "Budva MNE"]
[Date "2009.03.12"]
[Round "7"]
[White "Maletin,P"]
[Black "Pankov,Ger"]
[Result "1/2-1/2"]
[WhiteElo "2557"]
[BlackElo "2392"]

1.d4 d5 2.c4 c6 3.Nf3 Nf6 4.Nc3 dxc4 5.a4 Bf5 6.Ne5 Na6 7.f3 Nd7 8.Nxd7 Bxd7
9.e4 e5 10.Bxc4 exd4 11.Qxd4 Nb4 12.O-O Nc2 13.Qe5+ Qe7 14.Qxe7+ Bxe7 15.Rb1 Bc5+
16.Kh1 a5 17.e5 Bd4 18.Bb3 Nb4 19.Rd1 Bxe5 20.Re1 Nd3 21.Re3 Bf5 22.f4 O-O-O
23.fxe5 Nc5 24.Ba2 Bxb1 25.Bxb1 Nb3 26.Re1 Nxc1 27.Rxc1 Rhe8  1/2-1/2

[Event "10th EICC"]
[Site "Budva MNE"]
[Date "2009.03.15"]
[Round "9"]
[White "Halkias,S"]
[Black "Ferguson,M"]
[Result "1/2-1/2"]
[WhiteElo "2578"]
[BlackElo "2404"]

1.d4 d5 2.c4 c6 3.Nf3 Nf6 4.Nc3 dxc4 5.a4 Bf5 6.Ne5 e6 7.e3 Bb4 8.Bxc4 Nbd7
9.Nxd7 Nxd7 10.O-O Bg6 11.Qe2 O-O 12.Rd1 Qe7 13.e4 e5 14.d5 a5 15.f3 Rfd8
16.Kh1 Bc5 17.Ba2 Rac8 18.Bd2 Kh8 19.Be1 Nb6 20.Rac1 f6 21.Bf2 Bxf2 22.Qxf2 Qb4
23.dxc6 bxc6 24.Be6 Rb8 25.Rxd8+ Rxd8 26.Qc2 Be8 27.h3 h5 28.Rd1 Rxd1+ 29.Qxd1 Qd4
30.Bb3 c5 31.Qe1 Qb4 32.Qd1 Qd4 33.Qe1 Qb4 34.Qd1 Qd4  1/2-1/2

[Event "10th EICC"]
[Site "Budva MNE"]
[Date "2009.03.17"]
[Round "11"]
[White "Banusz,T"]
[Black "Ferguson,M"]
[Result "1/2-1/2"]
[WhiteElo "2501"]
[BlackElo "2404"]

1.d4 d5 2.c4 c6 3.Nf3 Nf6 4.Nc3 dxc4 5.a4 Bf5 6.Ne5 e6 7.f3 c5 8.e4 Bg6 9.Be3 cxd4
10.Qxd4 Qxd4 11.Bxd4 Nfd7 12.Nxd7 Nxd7 13.Bxc4 a6 14.h4 Rc8 15.Ba2 h6 16.Ke2 Bc5
17.Rad1 Bxd4 18.Rxd4 Ke7 19.Rhd1 Rhd8 20.Ke3 f6 21.f4 Bh5 22.R1d2 Nf8 23.Rxd8 Rxd8
24.Rxd8 Kxd8 25.Kd4 Ng6 26.g3 e5+ 27.fxe5 Nxe5 28.Kc5 Be8 29.Kb6 Bc6 30.Be6 Nd7+
31.Bxd7 Kxd7 32.b4 Kc8 33.b5 axb5 34.axb5 Be8 35.Na4 g5 36.Nc5 gxh4 37.gxh4 Kb8
38.Nxb7 Bxb5 39.Nd6 Bd7 40.Nf5 h5 41.Ng7 Bg4 42.Kc5 Kc8 43.Ne8 f5 44.exf5 Kd7
45.Nd6 Bf3 46.Nc4 Ke7 47.Kd4 Kf6 48.Ne3 Ba8  1/2-1/2

[Event "10th EICC Qualification Playoff"]
[Site "Budva MNE"]
[Date "2009.03.18"]
[Round "1.2"]
[White "Svetushkin,D"]
[Black "Vitiugov,N"]
[Result "1/2-1/2"]
[WhiteElo "2593"]
[BlackElo "2687"]

1.d4 d5 2.c4 c6 3.Nf3 Nf6 4.Nc3 dxc4 5.a4 Bf5 6.e3 e6 7.Bxc4 Bb4 8.O-O Nbd7
9.Qe2 Bg4 10.Rd1 O-O 11.h3 Bh5 12.g4 Bg6 13.Nh4 Nd5 14.Nxg6 hxg6 15.Bd2 Qe7
16.e4 N5b6 17.Bb3 a5 18.Kg2 c5 19.d5 exd5 20.Nxd5 Nxd5 21.Bxd5 Bxd2 22.Rxd2 Nf6
23.Re1 Rad8 24.Bc4 Qe5 25.b3 Rd4 26.Rxd4 cxd4 27.f4 Qxf4 28.e5 Re8 29.Qf2 Qxf2+
30.Kxf2 Nh7 31.Re4 Ng5 32.Rxd4 Rxe5 33.Rd8+ Kh7 34.h4 Ne4+ 35.Kf3 Re7 36.Bxf7 Nd2+
37.Rxd2 Rxf7+ 38.Ke4 Re7+ 39.Kf4 Rf7+ 40.Kg5 Rf3 41.Rb2 b6 42.Rb1 Rf2 43.Rh1 Rf3
44.Rb1 Rf2 45.Rc1 Rf3 46.Rc6 Rxb3 47.Rxg6 b5 48.Ra6 bxa4 49.Rxa5 a3 50.Kf5 Rf3+
51.Kg5 Rb3 52.h5 Rc3 53.Kf4 Rc4+ 54.Kf5 a2 55.Rxa2 Rc5+ 56.Kf4 Rc4+ 57.Kg3 Rc6
58.Ra7 Rc5 59.Kh4 Rc4 60.Re7 Kh6 61.Re6+ Kh7 62.Kg5 Rc5+ 63.Kf4 Rc4+ 64.Kf5 Rc5+
65.Kf4 Rc4+ 66.Kg5 Rc5+ 67.Kh4 Rc4 68.Re5 Kh6 69.Rd5 Rb4 70.Rd6+ Kh7 71.Rg6 Ra4
72.Rg5 Ra7 73.Re5 g6  1/2-1/2

[Event "TCh-AUT 1st Bundesliga 2008-9"]
[Site "Ansfelden AUT"]
[Date "2009.03.20"]
[Round "9"]
[White "Boensch,U"]
[Black "Balogh,C"]
[Result "1/2-1/2"]
[WhiteElo "2523"]
[BlackElo "2605"]

1.d4 d5 2.c4 c6 3.Nf3 Nf6 4.Nc3 dxc4 5.a4 Bf5 6.Ne5 Nbd7 7.Nxc4 Qc7 8.Bg5 e5
9.Bxf6 gxf6 10.e3 O-O-O 11.Bd3 Bxd3 12.Qxd3 exd4 13.exd4 Nc5 14.Qf5+ Ne6
15.O-O-O Kb8 16.Kb1 Bg7 17.Ne2 Rd5 18.Qc2 Rhd8 19.Ne3 Ra5 20.h4 Bf8 21.Rh3 Nf4
22.Nxf4 Qxf4 23.g3 Qf3 24.Rhh1 f5 25.Nc4 Rad5 26.Rhe1 Bb4 27.Re5 f4  1/2-1/2

[Event "10th Dos Hermanas Internet"]
[Site "ICC INT"]
[Date "2009.03.20"]
[Round "2.1"]
[White "Ajrapetjan,Y"]
[Black "Andriasian,Z"]
[Result "1/2-1/2"]
[WhiteElo "2490"]
[BlackElo "2564"]

1.d4 d5 2.Nf3 c6 3.c4 Nf6 4.Nc3 dxc4 5.a4 Bf5 6.e3 e6 7.Bxc4 Bb4 8.Qe2 O-O
9.O-O Bg6 10.Ne5 Bh5 11.f3 Nbd7 12.Nd3 Be7 13.a5 b5 14.axb6 axb6 15.Rxa8 Qxa8
16.e4 b5 17.Bb3 c5 18.dxc5 Nxc5 19.Nxc5 Bxc5+ 20.Be3 Qa7 21.Bxc5 Qxc5+ 22.Qf2 Qb4
23.Ba2 Nd7 24.Rd1 Ne5 25.Qd4 Qxd4+ 26.Rxd4 Bxf3 27.Nxb5 Be2 28.Nc3 Ba6 29.Rd6 Ra8
30.b4 g5 31.h3 Bb7 32.Rb6 Ra3 33.Nb5 Rxa2 34.Rxb7 Nd3 35.Nd6 Ra1+ 36.Kh2 Ne5
37.b5 Rb1 38.b6 Kg7 39.Rb8 Nd7 40.Rb7 Nxb6 41.Nc8 Nxc8 42.Rxb1 Nd6 43.Re1 Nc4
44.Kg3 Kf6 45.Rf1+ Kg6 46.Rc1 Nd2 47.Re1 h5 48.Kf2 Kf6 49.Ke3 Nc4+ 50.Kd4 Nb6
51.e5+ Kg6 52.g3 Nd5 53.Rf1 Ne7 54.Rf6+ Kg7 55.g4 h4 56.Rf1 Nd5 57.Ke4 Kg6
58.Rf2 Nc3+ 59.Kd3 Nb5 60.Ke4 Nc7 61.Rf6+ Kg7 62.Rf2 Nd5 63.Rf1 Kf8 64.Rf2 Ke7
65.Rf1 f6 66.exf6+ Nxf6+ 67.Ke5 Nd7+ 68.Ke4 Kd6 69.Rd1+ Ke7 70.Ra1 Nf6+ 71.Ke5 Nd7+
72.Ke4 Kf6 73.Rf1+ Kg6 74.Rd1 Nf6+  1/2-1/2

[Event "TCh-AUT 1st Bundesliga 2008-9"]
[Site "Ansfelden AUT"]
[Date "2009.03.21"]
[Round "10"]
[White "Neubauer,M"]
[Black "Gyimesi,Z"]
[Result "0-1"]
[WhiteElo "2417"]
[BlackElo "2582"]

1.d4 d5 2.c4 c6 3.Nf3 Nf6 4.Nc3 dxc4 5.a4 Bf5 6.Ne5 Nbd7 7.Nxc4 Nb6 8.Ne5 a5
9.f3 Nfd7 10.Nxd7 Nxd7 11.e4 Bg6 12.Be3 e5 13.dxe5 Nxe5 14.Qxd8+ Rxd8 15.Rd1 Rxd1+
16.Kxd1 f6 17.Kc2 Nd7 18.Bc4 Bc5 19.Bf4 Ne5 20.Bb3 Ke7 21.Rd1 Rc8 22.Ne2 Be8
23.Nd4 Bxd4 24.Rxd4 c5 25.Rd5 Bc6 26.Bxe5 Bxd5 27.Bxf6+ gxf6 28.Bxd5 Rb8
29.Bc4 Rd8 30.Bd5 Rd7 31.Kd3 Kd6 32.Bc4 Ke5+ 33.Ke3 Rd1 34.f4+ Kd6 35.b3 Rc1
36.Bg8 h6 37.h4 Rc3+ 38.Kf2 b5 39.axb5 c4 40.bxc4 a4 41.c5+ Rxc5 42.b6 Rb5
43.g4 a3 44.Ke3 Rxb6 45.g5 hxg5 46.hxg5 fxg5 47.e5+ Ke7 48.f5 Kf8 49.Bc4 Rb4  0-1

[Event "Copa Ajedrez Plus"]
[Site "Ramos Mejia ARG"]
[Date "2009.03.22"]
[Round "11"]
[White "Guerrero,Alv"]
[Black "Goldwaser,C"]
[Result "0-1"]
[WhiteElo "2178"]
[BlackElo "2356"]

1.d4 d5 2.c4 c6 3.Nf3 Nf6 4.Nc3 dxc4 5.a4 Bf5 6.Ne5 Nbd7 7.Nxc4 Qc7 8.Qb3 Rd8
9.Bg5 e5 10.e3 exd4 11.Bf4 Nc5 12.Qa2 Qe7 13.O-O-O dxc3 14.Nd6+ Rxd6 15.Bxd6 cxb2+
16.Qxb2 Qe6 17.Bxc5 Bxc5 18.e4 Nxe4 19.Qxg7 Ba3+ 20.Kc2 Qa2+  0-1

[Event "Open B"]
[Site "Zagreb CRO"]
[Date "2009.03.22"]
[Round "2"]
[White "Malada,V"]
[Black "Dejanovic,M"]
[Result "0-1"]
[WhiteElo "2238"]
[BlackElo "2067"]

1.d4 d5 2.c4 c6 3.Nc3 Nf6 4.Nf3 dxc4 5.a4 Bf5 6.e3 e6 7.Bxc4 Nbd7 8.O-O Qc7
9.Qe2 Be7 10.e4 Bg4 11.h3 Bh5 12.Bg5 h6 13.Bh4 Qf4 14.Bg3 Bxf3 15.Bxf4 Bxe2
16.Bxe2 O-O 17.e5 Nd5 18.Nxd5 cxd5 19.Bb5 Nb6 20.a5 a6 21.Bd3 Nd7 22.Bd2 Nb8
23.g4 Nc6 24.Bc3 f6 25.f4 fxe5 26.dxe5 Bc5+ 27.Kg2 Be3 28.Kg3 g5 29.fxg5 hxg5
30.Rf6 d4 31.Rg6+ Kf7 32.Rf6+ Ke7 33.Rxf8 Rxf8 34.Be1 Nxe5 35.Bb4+ Ke8 36.Bxf8 Bf4+
37.Kg2 Nxd3 38.Bg7 e5 39.Rd1 Nc5 40.b4 Ne6 41.Bh8 Kf7 42.Kf3 Nf8 43.h4 gxh4
44.g5 h3 45.Ke4 Ke6 46.Bf6 h2 47.Rh1 Ng6 48.Bd8 Nh4 49.Bb6 Nf5 50.Kf3 Kf7
51.Kg4 Kg6 52.Bc7 Ne3+ 53.Kf3 Kxg5 54.Ke4 Kf6 55.Bb6 Nf5 56.Kf3 Ke6 57.Kg4 d3  0-1

[Event "Open B"]
[Site "Zagreb CRO"]
[Date "2009.03.24"]
[Round "4"]
[White "Malada,V"]
[Black "Hudolin,K"]
[Result "0-1"]
[WhiteElo "2238"]
[BlackElo "2065"]

1.d4 d5 2.c4 c6 3.Nc3 Nf6 4.Nf3 dxc4 5.a4 Bf5 6.e3 e6 7.Bxc4 Nbd7 8.O-O Be7
9.Qe2 O-O 10.e4 Bg4 11.h3 Bh5 12.Rd1 Nb6 13.Bb3 a5 14.g4 Bg6 15.Ne5 Bb4 16.Bc2 Nfd7
17.f4 f6 18.Nxg6 hxg6 19.Bb3 Re8 20.f5 Nf8 21.Qf2 Qe7 22.Be3 Nbd7 23.Ne2 Bd6
24.Rac1 gxf5 25.gxf5 g5 26.e5 fxe5 27.dxe5 Bxe5 28.Nd4 Kh8 29.fxe6 Nf6 30.Qf5 Bc7
31.Bxg5 N8h7 32.Bf4 Rad8 33.Be5 Bxe5 34.Qxe5 Rg8+ 35.Kh1 Rg5 36.Qe3 Nd5 37.Bxd5 Rgxd5
38.Rf1 Rxd4 39.Rf7 Qd6 40.Rg1 Qd5+ 41.Rg2 Rg8 42.Rf2 Rxg2 43.Rxg2 Rd3 44.Qf4 Rxh3+
45.Kg1 Qd1+ 46.Kf2 Qc2+ 47.Kg1 Qb1+ 48.Kf2 Qxb2+ 49.Kg1 Qa1+ 50.Kf2 Qf6 51.Qxf6+ Nxf6
52.Rg6 Ne8 53.e7 Rh7 54.Re6 Rf7+ 55.Ke3 Rf6 56.Re5 b6  0-1

[Event "25th Spring Festival"]
[Site "Budapest HUN"]
[Date "2009.03.25"]
[Round "6"]
[White "Fenyvesi,T"]
[Black "Koczo,K"]
[Result "0-1"]
[WhiteElo "1774"]
[BlackElo "2220"]

1.d4 d5 2.c4 c6 3.Nf3 Nf6 4.Nc3 dxc4 5.a4 Bf5 6.e3 e6 7.Bxc4 Bb4 8.Qb3 Qe7
9.O-O O-O 10.Bd2 a5 11.Nb1 Bd6 12.Na3 Be4 13.Be2 Ng4 14.h3 Bxf3 15.Bxf3 Nh2
16.Rfc1 Nxf3+ 17.gxf3 Na6 18.Nc4 Bb4 19.Bxb4 Nxb4 20.Ne5 Qh4 21.Kg2 Rad8
22.Rc5 b6 23.Rc3 c5 24.f4 cxd4 25.Nf3 Qf6 26.Nxd4 Nd5 27.Nc6 Rd6 28.Rc2 Qg6+
29.Kh2 Qe4 30.Qc4 Qf3 31.Nd4 Qh5 32.Nb5 Rdd8 33.Rg1 g6 34.Qe2 Qf5 35.Nd4 Qf6
36.Nf3 Nb4 37.Rd2 Rxd2 38.Qxd2 Rc8 39.Qd4 Qxd4 40.Nxd4 Nd3 41.f5 exf5 42.Nxf5 Kf8
43.Nd6 Rc2 44.Kg3 Rxf2 45.Rd1 Nxb2 46.Rb1 Rc2 47.Kf3 Nxa4  0-1

[Event "Magistral"]
[Site "Mar de Ajo ARG"]
[Date "2009.03.26"]
[Round "4"]
[White "Slipak,S"]
[Black "Alonso,S"]
[Result "1/2-1/2"]
[WhiteElo "2452"]
[BlackElo "2441"]

1.d4 d5 2.c4 c6 3.Nf3 Nf6 4.Nc3 dxc4 5.a4 Bf5 6.Nh4 Bg4 7.h3 Bh5 8.g4 Bg6
9.Nxg6 hxg6 10.e3 e6 11.Bxc4 Bb4 12.Qf3 Qa5 13.Bd2 Nbd7 14.e4 c5 15.e5 Nd5
16.Bxd5 exd5 17.O-O O-O 18.Bf4 cxd4 19.Nxd5 Rfd8 20.Qb3 Bf8 21.e6 Ne5 22.exf7+ Nxf7
23.Nc7 Rac8 24.Rac1 g5 25.Bg3 d3 26.Nb5  1/2-1/2

[Event "Victor Ciocaltea Mem"]
[Site "Bucharest ROM"]
[Date "2009.03.28"]
[Round "6"]
[White "Shishkin,Va UKR"]
[Black "Murariu,A"]
[Result "1/2-1/2"]
[WhiteElo "2493"]
[BlackElo "2490"]

1.d4 d5 2.c4 c6 3.Nc3 Nf6 4.Nf3 dxc4 5.a4 Bf5 6.Ne5 Nbd7 7.Nxc4 Nd5 8.g3 e5
9.dxe5 Nb4 10.e4 Be6 11.Nd6+ Bxd6 12.exd6 Nc5 13.Ra3 Qa5 14.Be2 Bh3 15.f3 O-O-O
16.Be3 Ncd3+ 17.Bxd3 Rxd6 18.Nb5 Nxd3+ 19.Ke2 Nf4+ 20.Bxf4 Rxd1 21.Rxd1 cxb5
22.Rc3+ Qxc3 23.bxc3 bxa4 24.g4 h5 25.Ra1 b5 26.c4 a6 27.cxb5 axb5 28.Rb1 hxg4
29.Rxb5 gxf3+ 30.Kxf3 Rd8 31.Rb8+ Kd7 32.Rxd8+ Kxd8 33.Be5 f6 34.Bb2 Ke7
35.Kf4 Ke6 36.Ba3 Kf7 37.Bb4 Be6 38.Ba3 Bb3 39.Bb4 Bc2 40.Ba3 Ke6 41.Ke3 Bd1
42.Kf4 Bh5 43.Ke3 Bg6 44.Kf4 Bh7 45.Ke3 g6 46.Bb2 f5 47.exf5+ gxf5 48.Kd4 f4
49.Kc4 Bc2 50.Kb4 Kd5 51.Bc1 f3 52.Be3  1/2-1/2

[Event "TCh-NED 2008-9"]
[Site "Netherlands NED"]
[Date "2009.03.28"]
[Round "7"]
[White "Sokolov,Iv NED"]
[Black "Middelburg,T"]
[Result "1-0"]
[WhiteElo "2658"]
[BlackElo "2388"]

1.d4 d5 2.c4 c6 3.Nf3 Nf6 4.Nc3 dxc4 5.a4 Bf5 6.Nh4 e6 7.Nxf5 exf5 8.e3 Bd6
9.Bxc4 O-O 10.Qf3 g6 11.h3 h5 12.g4 fxg4 13.hxg4 Nxg4 14.Bd2 Bb4 15.Qg2 Kg7
16.f3 Nf6 17.O-O-O b5 18.Ba2 c5 19.e4 Rh8 20.e5 Nfd7 21.Rhg1 Qe8 22.Nxb5 Bxd2+
23.Rxd2 cxd4 24.f4 Nb6 25.Rc2 d3 26.Rc7 N8d7 27.Nd6 Qd8 28.Rc6 d2+ 29.Qxd2 Nf8
30.Nf5+ Kh7 31.Qe2 Qd7 32.Qxh5+ gxh5 33.Rh6+  1-0

[Event "ITT Proyeccion U20"]
[Site "Buenos Aires ARG"]
[Date "2009.03.29"]
[Round "7"]
[White "Guerrero,Alv"]
[Black "Real de Azua,E"]
[Result "1/2-1/2"]
[WhiteElo "2178"]
[BlackElo "2445"]

1.d4 d5 2.c4 c6 3.Nf3 Nf6 4.Nc3 dxc4 5.a4 Bf5 6.e3 e6 7.Bxc4 Bb4 8.O-O Nbd7
9.Re1 O-O 10.Nh4 Rc8 11.Qb3 a5 12.Nxf5 exf5 13.Bd2 Nb6 14.Bd3 g6 15.Bf1 Re8
16.Red1 Kg7  1/2-1/2

[Event "Battle of the GMs"]
[Site "Dapitan PHI"]
[Date "2009.03.29"]
[Round "9"]
[White "Dableo,R"]
[Black "Paragua,M"]
[Result "0-1"]
[WhiteElo "2432"]
[BlackElo "2537"]

1.d4 d5 2.c4 c6 3.Nc3 Nf6 4.Nf3 dxc4 5.a4 Bf5 6.e3 e6 7.Bxc4 Nbd7 8.O-O Bb4
9.h3 h6 10.Qb3 Qb6 11.Rd1 O-O 12.Bd2 a5 13.Rac1 Rfd8 14.Ne2 Be4 15.Bxb4 axb4
16.Nd2 Bh7 17.Nf4 Qa5 18.Bxe6 fxe6 19.Nxe6 Kh8 20.Nc4 Qd5 21.Nc7 Qg5 22.Nxa8 Be4
23.f3 Bxf3 24.Rd2 Rxa8 25.Qxb4 Bd5 26.Re2 Rb8 27.a5 Ne4 28.b3 c5 29.Qe1 Rf8
30.Nd2 Nxd2 31.Qxd2 Nf6  0-1

[Event "Open"]
[Site "Reykjavik ISL"]
[Date "2009.03.29"]
[Round "6"]
[White "Gupta,Ab"]
[Black "Vernay,C"]
[Result "1-0"]
[WhiteElo "2569"]
[BlackElo "2339"]

1.d4 d5 2.c4 c6 3.Nc3 Nf6 4.Nf3 dxc4 5.a4 Bf5 6.Ne5 e6 7.f3 Bb4 8.e4 Bxe4
9.fxe4 Nxe4 10.Bd2 Qxd4 11.Nxe4 Qxe4+ 12.Qe2 Bxd2+ 13.Kxd2 Qd5+ 14.Kc2 Na6
15.Nxc4 O-O 16.Qe5 Rad8 17.Be2 g6 18.Qxd5 cxd5 19.Na5 Rc8+ 20.Kb1 Nb4 21.Bd1 b6
22.Nb3 a5 23.Nd4 e5 24.Nc2 Nd3 25.Ra3 e4 26.Rf1 Nc5 27.Be2 Ne6 28.Rd1 Rcd8
29.Nd4 Nxd4 30.Rxd4 Kg7 31.Rc3 Rd6 32.Rc7 Kf6 33.Rd1 h5 34.Rf1+ Ke6 35.h4 f5
36.g3 Ke5 37.Kc2 Rg8 38.Bb5 Rgd8 39.Kd2 Rf6 40.Ke2 Rfd6 41.Rfc1 f4 42.gxf4+ Kxf4
43.Rg1 Ke5 44.Rf1 Rg8 45.Re7+ Kd4 46.Rd1+ Kc5 47.Rc7+ Kb4 48.Rd4+ Kb3 49.Rd2 Kb4
50.Rd4+ Kb3 51.Kd1 Kxb2 52.Rd2+ Ka3 53.Kc1 d4 54.Kb1 Rf8 55.Ra2+ Kb3 56.Be2 b5
57.Bd1+ Kb4 58.Rb2+ Ka3 59.axb5 Rf1 60.Rb3+  1-0

[Event "Victor Ciocaltea Mem"]
[Site "Bucharest ROM"]
[Date "2009.03.30"]
[Round "8"]
[White "Shishkin,Va UKR"]
[Black "Haznedaroglu,K"]
[Result "0-1"]
[WhiteElo "2493"]
[BlackElo "2451"]

1.d4 d5 2.c4 c6 3.Nf3 Nf6 4.Nc3 dxc4 5.a4 Bf5 6.Ne5 Nbd7 7.Nxc4 Qc7 8.g3 e5
9.dxe5 Nxe5 10.Bf4 Nfd7 11.Bg2 f6 12.O-O Nc5 13.Ne3 Be6 14.b4 Rd8 15.Qc2 Na6
16.b5 Nb4 17.Qb2 g5 18.Bxe5 Qxe5 19.bxc6 bxc6 20.Rad1 Rxd1 21.Rxd1 Bc5 22.Qd2 O-O
23.Ne4 Be7 24.Qc1 Qa5 25.Qc3 f5 26.Nd6 Bf6 27.Qc1 f4 28.gxf4 gxf4 29.Nc2 Bb3
30.Nxb4 Bxd1 31.Qxd1 Qxb4 32.Bxc6 Kh8 33.h3 Be5 34.Ne4 f3 35.exf3 Rg8+ 36.Kh1 Qf8
37.Bd7 Qg7 38.Bg4 h5 39.f4 Bxf4 40.Qf3 Qa1+ 41.Kg2 hxg4 42.Qxf4 gxh3+ 43.Kf3 Qd1+
44.Ke3 Qc1+ 45.Nd2 Re8+ 46.Kf3 Qd1+ 47.Kg3 Rg8+ 48.Kh4 Rg4+  0-1

[Event "FSGM April"]
[Site "Budapest HUN"]
[Date "2009.04.05"]
[Round "2"]
[White "Horvath,P1"]
[Black "To,N"]
[Result "1-0"]
[WhiteElo "2445"]
[BlackElo "2367"]

1.d4 d5 2.c4 c6 3.Nf3 Nf6 4.Nc3 dxc4 5.a4 Bf5 6.Ne5 Nbd7 7.Nxc4 Nb6 8.Ne5 a5
9.Bg5 g6 10.f3 Be6 11.e4 Bg7 12.Be3 O-O 13.Be2 Ne8 14.O-O Nd6 15.Bf2 Ndc4
16.Nxc4 Bxc4 17.Bxc4 Nxc4 18.Qe2 Nb6 19.Rfd1 e6 20.Rac1 Re8 21.Qc2 Qd6 22.d5 Bxc3
23.Qxc3 cxd5 24.Qb3 Ra6 25.Qb5 Rea8 26.b3 Qd8 27.Rc2 Nc8 28.exd5 Ne7 29.Bh4 Qd6
30.Bg3 e5 31.Bf2 b6 32.h3 Kg7 33.Re2 f6 34.f4 exf4 35.Re6 Qd8 36.Bd4 Ng8
37.Rc1 Rc8 38.Rxc8 Qxc8 39.Rc6 Qb7 40.Qc4 Kh6 41.Rc7 Qb8 42.Rc8 Qb7 43.Rxg8 Ra7
44.Bxf6  1-0

[Event "TCh-HUN 2008-9"]
[Site "Budapest HUN"]
[Date "2009.04.05"]
[Round "10"]
[White "Zsinka,L"]
[Black "Berczes,D"]
[Result "0-1"]
[WhiteElo "2291"]
[BlackElo "2514"]

1.d4 d5 2.c4 c6 3.Nc3 Nf6 4.Nf3 dxc4 5.a4 Bf5 6.e3 e6 7.Bxc4 Bb4 8.O-O O-O
9.Nh4 Bg6 10.Nxg6 hxg6 11.Qe2 Nbd7 12.Rd1 Qe7 13.e4 e5 14.d5 a5 15.Bg5 Bc5
16.Be3 Bxe3 17.Qxe3 Qb4 18.b3 Nb6 19.Be2 cxd5 20.Nxd5 Nfxd5 21.exd5 Qd6 22.Rac1 Rac8
23.Bb5 Rxc1 24.Qxc1 Nc8 25.Qc3 b6 26.Qc6 Rd8 27.Qc3 Ne7 28.Bc4 Nf5 29.Re1 Nd4
30.f4 Qc5 31.Kh1 exf4 32.Re4 Nf5 33.Rxf4 Rxd5 34.Qf3 Rd4 35.Rxd4 Qxd4 36.g3 Nd6
37.Bf1 g5 38.Kg2 g6 39.Bd3 Kg7 40.Be2 Nf5 41.Qd3 Qb2 42.Kg1 Nd4 43.Bd1 Ne6
44.Qe3 Qd4 45.Qxd4+ Nxd4 46.Kf2 Kf6 47.Ke3 Ke5 48.Kd3 Kd5 49.Ke3 f5 50.Kd3 g4
51.Ke3 g5 52.Kd3 Nf3 53.h4 gxh4 54.Bxf3+ gxf3 55.gxh4 f4 56.Kd2 Ke5 57.Ke1 Kf5  0-1

[Event "TCh-HUN 2008-9"]
[Site "Decs HUN"]
[Date "2009.04.05"]
[Round "10"]
[White "Plachetka,J"]
[Black "To,N"]
[Result "1/2-1/2"]
[WhiteElo "2406"]
[BlackElo "2342"]

1.d4 d5 2.c4 c6 3.Nf3 Nf6 4.Nc3 dxc4 5.a4 Bf5 6.e3 e6 7.Bxc4 Bb4 8.O-O Nbd7
9.Qe2 Bg4 10.h3 Bh5 11.Rd1 O-O 12.e4 Qa5 13.e5 Nd5 14.Nxd5 cxd5 15.Bd3 Bg6
16.Bxg6 fxg6 17.Ng5 Rfe8 18.Qf3 Re7 19.h4 h6 20.Nh3 Nf8 21.Nf4 Rc8 22.Qd3 Qa6
23.Nxg6 Rec7 24.Qxa6 bxa6 25.Nxf8 Kxf8 26.Be3 Rc2 27.Rac1 R8c4 28.b3 R4c3
29.Rxc2 Rxc2 30.h5 Rc3 31.Rc1 Rxb3 32.Rc6 a5 33.Rxe6 Ra3 34.Ra6 Rxa4 35.Rxa7 Ra1+
36.Kh2 a4 37.g4 a3 38.g5 hxg5 39.Bxg5 Re1 40.Kg2 Re2 41.Kf3 Re4 42.Be3 Rh4
43.Kg3 Rxh5 44.Bc1 Rh1 45.Bxa3 Bxa3 46.Rxa3 Rd1 47.Ra4 Rd3+ 48.Kg4 Kf7 49.f4 Rd1
50.Ra7+ Kg6 51.f5+ Kh6 52.Ra6+ Kh7 53.Ra4 Kh6 54.f6 gxf6 55.Kf5 Rf1+ 56.Ke6 fxe5
57.dxe5 Kg7 58.Ke7 Rf7+ 59.Kd6 Rb7 60.e6 Rb6+ 61.Ke5 d4 62.Ra7+ Kg6 63.Ra8 Rb5+
64.Kd6 Rb6+ 65.Kd7 Kf5 66.e7 Rb7+ 67.Kd6 Rxe7 68.Kxe7 d3 69.Rd8 Ke4 70.Kd6 d2
71.Kc5 Ke3 72.Kc4 Ke2 73.Re8+ Kf2 74.Rf8+  1/2-1/2

[Event "47th Doeberl Cup Premier"]
[Site "Canberra AUS"]
[Date "2009.04.09"]
[Round "2"]
[White "Bourmistrov,D"]
[Black "Dalton,S"]
[Result "1-0"]
[WhiteElo "2149"]
[BlackElo "1932"]

1.d4 d5 2.c4 c6 3.Nf3 Nf6 4.Nc3 dxc4 5.a4 Bf5 6.Nh4 e6 7.Nxf5 exf5 8.e3 Bd6
9.Qf3 Qd7 10.Bxc4 O-O 11.h3 Re8 12.Bd3 Bb4 13.O-O g6 14.Rd1 Qe6 15.Bd2 Nbd7
16.a5 a6 17.Ra4 Qb3 18.Qe2 Bxc3 19.Ra3 Qxb2 20.Rxc3 Ne4 21.Rc2 Qa3 22.Rb1 Nxd2
23.Qxd2 Rab8 24.Rcb2 Nf6 25.Rb3 Qa4 26.Qc3 Nd5 27.Qc5 b6 28.axb6 Nxb6 29.Rxb6 Rxb6
30.Qxb6 a5 31.Qc5 Qa2 32.Qxc6 Re6 33.Qb5 Re7 34.d5 Re5 35.Qb8+  1-0

[Event "47th Doeberl Cup Premier"]
[Site "Canberra AUS"]
[Date "2009.04.10"]
[Round "3"]
[White "Sandler,L"]
[Black "Kunte,A"]
[Result "1/2-1/2"]
[WhiteElo "2332"]
[BlackElo "2513"]

1.d4 d5 2.c4 dxc4 3.Nf3 Nf6 4.Nc3 c6 5.a4 Bf5 6.Ne5 Nbd7 7.Nxc4 e6 8.f3 h6
9.e4 Bh7 10.Be2 Be7 11.O-O O-O 12.Be3 Qb8 13.Qd2 e5 14.Rad1 Rd8 15.dxe5 Nxe5
16.Qc2 Nd5 17.Bf2 Nf4 18.Rxd8+ Bxd8 19.Rd1 Bc7 20.Nxe5 Bxe5 21.Bc4 Qc7 22.Qb3 Bg6
23.Bf1 Ne6 24.g3 Bh5 25.Bg2 g5 26.Ne2 Rd8 27.Rxd8+ Qxd8 28.Be3 Nd4 29.Nxd4 Bxd4
30.Kf2 b6 31.Qc4 Bxb2 32.Qxc6 Bg6 33.Bf1 Qf6 34.Qd5 Be5 35.Kg2 Qd6 36.Qa8+ Qb8
37.Qd5 Qd6 38.Qa8+  1/2-1/2

[Event "Open"]
[Site "Lenk SUI"]
[Date "2009.04.10"]
[Round "3"]
[White "Steenhuis,J"]
[Black "Vilaseca,L"]
[Result "1-0"]
[WhiteElo "1996"]
[BlackElo "2155"]

1.d4 d5 2.c4 c6 3.Nc3 Nf6 4.Nf3 dxc4 5.a4 Bf5 6.e3 e6 7.Bxc4 Bb4 8.O-O O-O
9.Qe2 Nbd7 10.e4 Bg6 11.e5 Nd5 12.Ne4 h6 13.Ne1 Qb6 14.Nc2 a5 15.Kh1 Be7
16.f4 Nb4 17.Nxb4 Bxb4 18.Ng3 Rfe8 19.f5 exf5 20.Nxf5 Nf8 21.Qg4 Ne6 22.Be3 Qc7
23.Nh4 h5 24.Qf3 Qe7 25.Nxg6 fxg6 26.Qg3 Kh7 27.Bd3 Nf8 28.Rxf8 Rxf8 29.Qxg6+ Kg8
30.Qh7+ Kf7 31.Qxh5+ Ke6 32.Qg4+ Kf7 33.Bg6+ Kg8 34.Bg5  1-0

[Event "47th Doeberl Cup Premier"]
[Site "Canberra AUS"]
[Date "2009.04.11"]
[Round "5"]
[White "Brown,An"]
[Black "Wallis,C"]
[Result "0-1"]
[WhiteElo "2085"]
[BlackElo "2250"]

1.d4 d5 2.c4 c6 3.Nf3 Nf6 4.Nc3 dxc4 5.a4 Bf5 6.e3 e6 7.Bxc4 Bb4 8.O-O O-O
9.Qe2 Bg4 10.h3 Bh5 11.Na2 Ba5 12.Rd1 Nbd7 13.e4 Qe7 14.b4 Bc7 15.e5 Nd5
16.g4 Bg6 17.Bg5 f6 18.exf6 gxf6 19.Bh6 Rfe8 20.Rac1 N7b6 21.Bb3 a5 22.b5 Qa3
23.Nd2 cxb5 24.Qxb5 Qd6 25.Nf1 f5 26.gxf5 Bxf5 27.Rc3 Kh8 28.Rg3 Rg8 29.Bg5 Qf8
30.Bxd5 Nxd5 31.h4 h6 32.Bc1 Qf6 33.Re1 Qxh4 34.Qe2 Bxg3 35.fxg3 Rxg3+ 36.Nxg3 Qxg3+
37.Kh1 Qh4+  0-1